000 01101cam a2200265 i 4500
003 SA-RiAUC
005 20250811085805.0
008 250809s2004 su g 000 0dara c
040 _aKAPL
_bara
_cSA-RiAUC
_erda
072 7 _a026
082 0 4 _a239.9
090 _a239.9
_bش ن ق
100 1 _aالشنقيطي، محمد بن المختار،
_d1966-
_eمؤلف.
245 1 2 _aالخلافات السياسية بين الصحابة رضي الله عنهم :
_bرسالة في مكانة الأشخاص وقدسية المبادئ /
_cمحمد بن المختار الشنقيطي.
250 _aالطبعة الأولى.
264 1 _aجدة، السعودية :
_bمركز الراية المعرفية،
_c2004.
300 _a286 صفحة،
_c23 سم.
336 _aنص
_btxt
_2rdacontent
_3كتاب
337 _aبدون وسيط
_bn
_2rdamedia
338 _aمجلد
_bnc
_2rdacarrier
650 7 _aالصحابة والتابعون
_2aucsh
650 7 _aالنظام السياسي في الإسلام
_2aucsh
942 _2ddc
_cBOOK
_n0
949 _aSA-JeALM
_d250809
_umohamedma123
_n1
999 _c10738
_d10738